000 00243nam a2200097Ia 4500
001 774362
005 20250826165809.0
008 250824s9999 xx 000 0 und d
245 0 _aTEKİN YILDIZI
_cALİ SAÇIKARA
260 _bATLIKARINCA YAYINLARI
999 _c774362
_d774362